[Event "DRUGA LIGA CENTRALNE SRBIJE - ISTOK 2017"]
[Site "Srebrno jezero"]
[Date "2017.09.09"]
[Round "2.4"]
[White "Ivanovic, Zoran M"]
[Black "Ilic, Aleksandar"]
[Result "0-1"]
[WhiteElo "2030"]
[BlackElo "2072"]
[PlyCount "77"]
[EventDate "2017.09.08"]

1. e4 c5 2. Nf3 d6 3. d4 cxd4 4. Nxd4 Nf6 5. Nc3 a6 6. a4 b6 7. g3 e5 8. Nb3
Bb7 9. Bg2 Nbd7 10. O-O Qc7 11. Be3 Be7 12. h3 O-O 13. Qd2 Rfd8 14. Rad1 Bc6
15. f4 Qb7 16. a5 b5 17. Nd5 Bxd5 18. exd5 Rac8 19. Qf2 Qc7 20. Rd2 exf4 21.
gxf4 Nc5 22. Nxc5 dxc5 23. b4 cxb4 24. Kh1 Qc4 25. Rfd1 Ne4 26. Bxe4 Qxe4+ 27.
Kh2 Bd6 28. Kg1 Rc4 29. f5 Qh4 30. Qxh4 Rxh4 31. Bb6 Re8 32. Kg2 Rhe4 33. Rf1
Re2+ 34. Rf2 Rxd2 35. Rxd2 Re5 36. f6 Rg5+ 37. Kh1 Rg3 38. Bd8 Rxh3+ 39. Kg2
0-1

[Event "DRUGA LIGA CENTRALNE SRBIJE - ISTOK 2017"]
[Site "Srebrno jezero"]
[Date "2017.09.09"]
[Round "2.5"]
[White "Rajkovic, Aleksandar"]
[Black "Stankovic, Ivan G"]
[Result "1-0"]
[WhiteElo "2205"]
[BlackElo "2294"]
[PlyCount "37"]
[EventDate "2017.09.08"]

1. Nf3 c5 2. c4 Nc6 3. Nc3 e5 4. e3 Nf6 5. a3 Be7 6. d4 exd4 7. exd4 cxd4 8.
Nxd4 O-O 9. Nxc6 dxc6 10. Bd3 Bd6 11. O-O Bxh2+ 12. Kxh2 Ng4+ 13. Kg1 f5 14.
Be2 Qh4 15. Bf4 Be6 16. Bxg4 fxg4 17. Bg3 Qh5 18. Re1 Bxc4 19. Re4 1-0

[Event "DRUGA LIGA CENTRALNE SRBIJE - ISTOK 2017"]
[Site "Srebrno jezero"]
[Date "2017.09.09"]
[Round "2.4"]
[White "Spasojevic, Zoran M"]
[Black "Dinev, Dejan"]
[Result "0-1"]
[WhiteElo "2226"]
[BlackElo "2271"]
[PlyCount "110"]
[EventDate "2017.09.08"]

1. c4 Nf6 2. Nc3 e5 3. Nf3 Nc6 4. e3 Be7 5. Qc2 O-O 6. a3 a5 7. Be2 d5 8. cxd5
Nxd5 9. O-O Nxc3 10. bxc3 Bd6 11. d4 f5 12. c4 e4 13. Nd2 Bxh2+ 14. Kxh2 Qh4+
15. Kg1 Rf6 16. f4 Rh6 17. Nf3 exf3 18. Bxf3 Ne7 19. Rb1 Raa6 20. Qa4 Kf7 21.
Bd2 Rag6 22. Be1 Qh2+ 23. Kf2 Rh3 24. Ke2 Rxg2+ 25. Bxg2 Qxg2+ 26. Bf2 Nc6 27.
Qd1 b6 28. Rg1 Qf3+ 29. Ke1 Qe4 30. Rb3 Nxd4 31. Qxd4 Qxd4 32. exd4 Rxb3 33.
Rg3 Rb1+ 34. Kd2 Rb2+ 35. Ke1 Rc2 36. c5 Ba6 37. Be3 g6 38. cxb6 cxb6 39. Bd2
Ke6 40. Rh3 Rc7 41. Rb3 Rb7 42. Rc3 Kd5 43. Be3 Bc4 44. Rc1 b5 45. Kd2 Re7 46.
Re1 b4 47. axb4 axb4 48. Ra1 Rb7 49. Rb1 Ba2 50. Rb2 b3 51. Kd3 Rc7 52. Bd2 Re7
53. Be3 h5 54. Bf2 Re4 55. Be3 h4 0-1

[Event "DRUGA LIGA CENTRALNE SRBIJE - ISTOK 2017"]
[Site "Srebrno jezero"]
[Date "2017.09.09"]
[Round "2.6"]
[White "Arsic, Djordje"]
[Black "Pantic, Dejan"]
[Result "1-0"]
[WhiteElo "2137"]
[BlackElo "1830"]
[PlyCount "113"]
[EventDate "2017.09.08"]

1. e4 e5 2. Nf3 Nc6 3. Nc3 Nf6 4. d4 exd4 5. Nxd4 Nxd4 6. Qxd4 d6 7. Bc4 Be6 8.
Bxe6 fxe6 9. e5 dxe5 10. Qxe5 Qd6 11. Qb5+ Qc6 12. Qxc6+ bxc6 13. O-O Bd6 14.
Re1 Kf7 15. Ne2 e5 16. Ng3 Rhe8 17. Ne4 h6 18. Bd2 Rab8 19. b3 Rbd8 20. Bc3 Nd5
21. Bb2 Nb4 22. Re2 a5 23. a3 Nd5 24. c4 Nf6 25. Nd2 Bc5 26. Nf3 Bd4 27. Bxd4
exd4 28. Rxe8 Kxe8 29. Re1+ Kf8 30. Re5 d3 31. Nd2 Ng4 32. Re4 Nf6 33. Re3 Rd4
34. f3 Nd7 35. Kf2 Nc5 36. Re1 Kf7 37. Ke3 Ne6 38. Rd1 c5 39. Ne4 Rd8 40. g3 a4
41. bxa4 Ra8 42. Nc3 Nd4 43. Kxd3 Rd8 44. Ke4 c6 45. Kf4 Rb8 46. Rb1 g5+ 47.
Kg4 Ra8 48. Kh5 Kg7 49. Rb7+ Kf6 50. Ne4+ Ke5 51. Re7+ Kf5 52. Rf7+ Ke6 53.
Rf6+ Ke5 54. Rxh6 Rxa4 55. Nxc5 Rxc4 56. Nd7+ Kd5 57. Nb6+ 1-0

[Event "DRUGA LIGA CENTRALNE SRBIJE - ISTOK 2017"]
[Site "Srebrno jezero"]
[Date "2017.09.09"]
[Round "2.5"]
[White "Krstic, Ranko"]
[Black "Kostic, Tomislav"]
[Result "1-0"]
[WhiteElo "2179"]
[BlackElo "2046"]
[PlyCount "77"]
[EventDate "2017.09.08"]

1. d4 Nf6 2. c4 e6 3. Nf3 Bb4+ 4. Bd2 Qe7 5. Nc3 Nc6 6. Qc2 O-O 7. a3 Bxc3 8.
Bxc3 d6 9. e3 a5 10. Be2 a4 11. O-O Bd7 12. Rad1 Rfd8 13. Rfe1 e5 14. c5 e4 15.
cxd6 cxd6 16. Nd2 d5 17. Nf1 Rdc8 18. Qd2 h6 19. Rc1 Ne8 20. Rc2 Nd6 21. Rec1
b5 22. Bb4 Rab8 23. Ng3 Qe6 24. Bg4 Qxg4 25. Bxd6 Rb7 26. Ne2 Qe6 27. Bg3 g5
28. Rc5 Ra8 29. Nc3 Na5 30. Nxd5 Nb3 31. Qd1 Nxc5 32. Rxc5 Rc8 33. Qc2 Rxc5 34.
Qxc5 Bc6 35. Nc3 Qc4 36. Qd6 b4 37. Be5 Qe6 38. Qd8+ Qe8 39. Qf6 1-0

[Event "DRUGA LIGA CENTRALNE SRBIJE - ISTOK 2017"]
[Site "Srebrno jezero"]
[Date "2017.09.09"]
[Round "2.4"]
[White "Pavlovic, Goran"]
[Black "Radosavljevic, Slobodan D"]
[Result "1-0"]
[WhiteElo "2367"]
[BlackElo "2253"]
[PlyCount "125"]
[EventDate "2017.09.08"]

1. d4 Nf6 2. Nf3 c5 3. d5 g6 4. Nc3 Bg7 5. e4 d6 6. Bb5+ Bd7 7. a4 Na6 8. O-O
O-O 9. h3 Nc7 10. Bc4 a6 11. e5 Nfe8 12. Re1 b5 13. Bf1 bxa4 14. Nxa4 Rb8 15.
Nc3 Rb6 16. Ne4 Bf5 17. c4 f6 18. exd6 exd6 19. Bd3 Rf7 20. Rb1 Qb8 21. b3 Re7
22. Bd2 Kf8 23. Nh4 Bxe4 24. Rxe4 Rxe4 25. Bxe4 f5 26. Bc2 Nf6 27. Qf3 Nce8 28.
Re1 Rb7 29. g4 fxg4 30. hxg4 Rf7 31. Qg3 Qd8 32. Nf3 Re7 33. Ng5 Rxe1+ 34. Bxe1
Qe7 35. Ne6+ Kg8 36. Bd2 Nc7 37. Nxg7 Kxg7 38. Bc3 Kg8 39. Kf1 Nce8 40. Qf4 Nd7
41. Qe4 Qxe4 42. Bxe4 Nef6 43. f3 Kf7 44. Bc2 Ne5 45. Kf2 g5 46. Bf5 Ke7 47.
Bd2 h6 48. Bc8 Nd3+ 49. Ke3 Nb4 50. Bf5 Kf7 51. f4 gxf4+ 52. Kxf4 Kg7 53. Kg3
Ng8 54. Bf4 Ne7 55. Be6 Nd3 56. Bxd6 Kf6 57. Bd7 a5 58. Bc7 Nc1 59. Ba4 Ne2+
60. Kf2 Nc3 61. d6 Nxa4 62. dxe7 Kxe7 63. bxa4 1-0

[Event "DRUGA LIGA CENTRALNE SRBIJE - ISTOK 2017"]
[Site "Srebrno jezero"]
[Date "2017.09.09"]
[Round "2.4"]
[White "Djokic, Nebojsa"]
[Black "Popovic, Djordje D"]
[Result "1/2-1/2"]
[WhiteElo "2209"]
[BlackElo "2247"]
[PlyCount "75"]
[EventDate "2017.09.08"]

1. e4 c5 2. Nf3 d6 3. d4 cxd4 4. Nxd4 Nf6 5. Nc3 a6 6. h3 e5 7. Nde2 b5 8. Bg5
Be7 9. Bxf6 Bxf6 10. Nd5 Bg5 11. Nec3 Nc6 12. a4 b4 13. Na2 Rb8 14. Bc4 O-O 15.
O-O a5 16. Qd3 Nd4 17. Nc1 Bxc1 18. Raxc1 Ne6 19. Qe3 Bb7 20. Rfd1 Rc8 21. b3
Rc5 22. c3 Rxc4 23. bxc4 b3 24. c5 Nxc5 25. c4 Bxd5 26. cxd5 Qb6 27. Rb1 Rb8
28. Rdc1 Qb4 29. Qc3 Kf8 30. f3 Qxc3 31. Rxc3 Rb4 32. Kf1 Rxa4 33. Rcxb3 Nxb3
34. Rxb3 Ra2 35. Rb8+ Ke7 36. Rb7+ Ke8 37. Rb8+ Ke7 38. Rb7+ 1/2-1/2

[Event "DRUGA LIGA CENTRALNE SRBIJE - ISTOK 2017"]
[Site "Srebrno jezero"]
[Date "2017.09.09"]
[Round "2.4"]
[White "Stefanovic, Vladimir"]
[Black "Djukic, Slobodan D"]
[Result "1-0"]
[WhiteElo "2238"]
[BlackElo "2176"]
[PlyCount "99"]
[EventDate "2017.09.08"]

1. Nf3 Nf6 2. c4 g6 3. g3 Bg7 4. Bg2 O-O 5. O-O d6 6. Nc3 e5 7. d3 Nc6 8. Rb1
a5 9. a3 Re8 10. Bg5 h6 11. Bxf6 Bxf6 12. b4 axb4 13. axb4 Bg7 14. b5 Ne7 15.
Qb3 Be6 16. Nd5 c6 17. Nxe7+ Rxe7 18. Rfc1 d5 19. Nd2 f5 20. bxc6 bxc6 21. cxd5
cxd5 22. Rc5 e4 23. Qc2 Kh7 24. Nb3 Rb7 25. d4 Rab8 26. e3 Bf8 27. Rc3 Bd7 28.
Ra1 Bb4 29. Nc5 Bxc3 30. Nxb7 Qc7 31. Rb1 Ba5 32. Nc5 Rxb1+ 33. Qxb1 Bc6 34.
Bf1 Qb6 35. Qc2 g5 36. Ba6 Kg6 37. Bc8 Qb4 38. Nxe4 Ba4 39. Qc5 Qb1+ 40. Kg2
Qxe4+ 41. Kg1 Bd8 42. Qf8 Be8 43. Bxf5+ Qxf5 44. Qxe8+ Kg7 45. Qxd8 Qf3 46.
Qd7+ Kg6 47. g4 Qh3 48. Qf5+ Kg7 49. Qe5+ Kg6 50. Qg3 1-0

[Event "DRUGA LIGA CENTRALNE SRBIJE - ISTOK 2017"]
[Site "Srebrno jezero"]
[Date "2017.09.09"]
[Round "2.4"]
[White "Petrovic, Tamara"]
[Black "Radisavljevic, Dalibor"]
[Result "0-1"]
[WhiteElo "1862"]
[BlackElo "1871"]
[PlyCount "116"]
[EventDate "2017.09.08"]

1. e4 d6 2. d4 Nf6 3. Nc3 g6 4. Nf3 Bg7 5. Bc4 O-O 6. O-O c5 7. h3 Nbd7 8. Be3
cxd4 9. Nxd4 Qc7 10. Be2 a6 11. Qc1 b5 12. Nd5 Nxd5 13. exd5 Nb6 14. Bf3 Bb7
15. Rd1 Rac8 16. c3 Nc4 17. Bg5 Ne5 18. Be4 e6 19. Nf3 f5 20. Nxe5 fxe4 21. Nc6
Bxc6 22. dxc6 d5 23. Bh6 Bxh6 24. Qxh6 Qf4 25. Qxf4 Rxf4 26. Rd4 Rxc6 27. Rad1
Rf7 28. R1d2 Rb7 29. Kf1 Kf7 30. Ke2 a5 31. a3 Kf6 32. Ke3 Ke5 33. Re2 Rcb6 34.
Red2 Rf7 35. Re2 Rb8 36. Red2 g5 37. Re2 h5 38. Rdd2 g4 39. hxg4 hxg4 40. Re1
Rh8 41. Rdd1 b4 42. axb4 axb4 43. Re2 bxc3 44. bxc3 Rc8 45. Rc1 Rfc7 46. Rec2
Kf5 47. Kd2 Kf4 48. Ke2 Rc4 49. Kd2 e5 50. Ra1 d4 51. Ra3 Rxc3 52. Rcxc3 Rxc3
53. Ra7 e3+ 54. fxe3+ Rxe3 55. Rf7+ Kg3 56. Rg7 Ra3 57. Rg5 Kf4 58. Rg8 Ra2+
0-1

[Event "DRUGA LIGA CENTRALNE SRBIJE - ISTOK 2017"]
[Site "Srebrno jezero"]
[Date "2017.09.09"]
[Round "2.5"]
[White "Pezelj, Sinisa"]
[Black "Vlahovic, Bogdan"]
[Result "0-1"]
[WhiteElo "2273"]
[BlackElo "2307"]
[PlyCount "110"]
[EventDate "2017.09.08"]

1. e4 e6 2. Nc3 d5 3. d3 Nf6 4. Bg5 Be7 5. f4 h6 6. Bxf6 Bxf6 7. e5 Be7 8. Qg4
O-O 9. h4 Nc6 10. Nf3 Bb4 11. d4 f5 12. Qh3 Ne7 13. h5 c5 14. a3 Qa5 15. Kd2
Bxc3+ 16. bxc3 Nc6 17. Bd3 cxd4 18. g4 dxc3+ 19. Ke3 Qc5+ 20. Ke2 Nd4+ 21. Nxd4
Qxd4 22. Raf1 Bd7 23. Rhg1 fxg4 24. Rxg4 Rf7 25. Qg3 Qc5 26. Rg1 Qf8 27. Rh4
Kh8 28. Qg6 Qg8 29. Kd1 Re7 30. Qg3 Rf8 31. Rg4 Be8 32. Qh4 Rc7 33. Bg6 Bb5 34.
Qg3 d4 35. Bd3 Bxd3 36. Qxd3 Rd8 37. Rg6 Qf8 38. Rf1 Qe7 39. f5 exf5 40. Rxf5
Qh4 41. Rg1 Qe7 42. Rgf1 Rc5 43. e6 Rxf5 44. Qxf5 d3 45. Qa5 dxc2+ 46. Kxc2 b6
47. Qxc3 Qxe6 48. Re1 Qf5+ 49. Kb2 Qxh5 50. Re7 Qg5 51. Rxa7 Qd2+ 52. Qxd2
Rxd2+ 53. Kc3 Rd6 54. Kc4 h5 55. Kb5 h4 0-1

[Event "DRUGA LIGA CENTRALNE SRBIJE - ISTOK 2017"]
[Site "Srebrno jezero"]
[Date "2017.09.09"]
[Round "2.5"]
[White "Zivkovic, Nemanja"]
[Black "Bura, Goran"]
[Result "1-0"]
[WhiteElo "2282"]
[BlackElo "2231"]
[PlyCount "105"]
[EventDate "2017.09.08"]

1. e4 g6 2. d4 Bg7 3. Nf3 d6 4. h3 c6 5. Nc3 Nf6 6. a4 O-O 7. Be2 Nbd7 8. Be3
e5 9. dxe5 dxe5 10. Nd2 Qe7 11. Nc4 Ne8 12. O-O b6 13. Qd2 Nc5 14. b4 Ne6 15.
b5 Bb7 16. bxc6 Bxc6 17. Nd5 Bxd5 18. Qxd5 Rd8 19. Qc6 Nd4 20. Bxd4 exd4 21.
Bd3 Nd6 22. a5 Nxc4 23. Qxc4 Rc8 24. Qa6 bxa5 25. Rxa5 Rc7 26. Rb1 Rfc8 27.
Rab5 Bf8 28. Rb7 Qc5 29. g3 h5 30. h4 Qa3 31. Qb5 Qc5 32. Qa4 Qa3 33. Qxd4 Bc5
34. Qf6 Be7 35. Qd4 Qc5 36. Qa1 Bd6 37. Kg2 Be5 38. Qa4 Qe7 39. Qxa7 Kg7 40.
R1b5 Qf6 41. Rxc7 Rxc7 42. Qe3 Bd4 43. Qe2 Qc6 44. f4 Qc3 45. Rb3 Qc5 46. e5
Ra7 47. Rb1 Ra1 48. Rxa1 Bxa1 49. Qe4 Bd4 50. e6 f5 51. Qb7+ Kh6 52. e7 Bg1 53.
Kh1 1-0

[Event "DRUGA LIGA CENTRALNE SRBIJE - ISTOK 2017"]
[Site "Srebrno jezero"]
[Date "2017.09.09"]
[Round "2.5"]
[White "Milosevic, Aleksandar"]
[Black "Mickovic, Slavisa"]
[Result "1-0"]
[WhiteElo "2272"]
[BlackElo "2102"]
[PlyCount "69"]
[EventDate "2017.09.08"]

1. Nf3 d5 2. d4 Nf6 3. c4 c6 4. cxd5 cxd5 5. Nc3 Nc6 6. Bf4 a6 7. Ne5 e6 8. e3
Nxe5 9. Bxe5 Bd6 10. Bxd6 Qxd6 11. Bd3 O-O 12. f4 b5 13. O-O Bb7 14. a4 b4 15.
Na2 a5 16. Nc1 Ba6 17. Rf2 Rfc8 18. Nb3 Bc4 19. Nc5 Nd7 20. Nxd7 Qxd7 21. f5
Bxd3 22. Qxd3 Rc4 23. f6 Rac8 24. Qd2 gxf6 25. Rxf6 Qe7 26. Raf1 Rc2 27. Qd3
Rc1 28. R6f2 Qd7 29. e4 dxe4 30. Qxe4 Rxf1+ 31. Rxf1 Rd8 32. Rf4 f5 33. Qe3 Qd6
34. h3 Kh8 35. Rf2 1-0

[Event "DRUGA LIGA CENTRALNE SRBIJE - ISTOK 2017"]
[Site "Srebrno jezero"]
[Date "2017.09.09"]
[Round "2.5"]
[White "Njegic, Vladimir"]
[Black "Dimitrijevic, Srdjan"]
[Result "0-1"]
[WhiteElo "2133"]
[BlackElo "2259"]
[PlyCount "88"]
[EventDate "2017.09.08"]

1. d4 d5 2. c4 c6 3. cxd5 cxd5 4. Nc3 Nf6 5. Bf4 Nc6 6. Nf3 a6 7. h3 e6 8. e3
Bd6 9. Bxd6 Qxd6 10. Bd3 O-O 11. O-O Bd7 12. Rc1 Rfd8 13. Re1 Be8 14. Bb1 b5
15. Ne2 Rac8 16. Nf4 Ne4 17. Bxe4 dxe4 18. Ng5 Qb4 19. Qg4 Qe7 20. Qg3 e5 21.
dxe5 Qxe5 22. Ne2 Rd5 23. Qxe5 Rxe5 24. h4 f6 25. Nh3 Rd8 26. Red1 Rc5 27. Rxd8
Rxc1+ 28. Nxc1 Nxd8 29. Nf4 Bf7 30. Nce2 Nc6 31. Kf1 Kf8 32. Ke1 Ke7 33. Kd2
Kd6 34. Ng3 Ke5 35. a3 a5 36. Nfe2 b4 37. axb4 axb4 38. f4+ Kd5 39. f5 Na5 40.
Nf1 Nc6 41. g4 Na5 42. Nh2 Nc4+ 43. Kc2 Nxe3+ 44. Kb3 Kc5+ 0-1

[Event "DRUGA LIGA CENTRALNE SRBIJE - ISTOK 2017"]
[Site "Srebrno jezero"]
[Date "2017.09.09"]
[Round "2.5"]
[White "Kostic, Marko"]
[Black "Petrovic, Grade"]
[Result "1-0"]
[WhiteElo "1977"]
[BlackElo "2061"]
[PlyCount "91"]
[EventDate "2017.09.08"]

1. d4 d5 2. Bf4 c6 3. e3 Bf5 4. c4 e6 5. Qb3 Qb6 6. c5 Qxb3 7. axb3 Nd7 8. Nf3
Ngf6 9. Nc3 Be7 10. h3 O-O 11. b4 a6 12. Be2 h6 13. O-O g5 14. Bh2 Ne4 15. Ra3
Rac8 16. Nxe4 Bxe4 17. Nd2 Bg6 18. Nb3 Bd8 19. Bd6 Re8 20. Na5 Bxa5 21. bxa5
Ra8 22. Rb3 Ra7 23. f4 f6 24. fxg5 hxg5 25. Kh2 Kg7 26. g3 Be4 27. h4 Rh8 28.
h5 Bg6 29. g4 Be4 30. Kg3 Re8 31. Bd3 Bxd3 32. Rxd3 e5 33. Rb3 exd4 34. exd4
Re6 35. Rff3 Kh6 36. Rfe3 Re4 37. Rxe4 dxe4 38. Re3 f5 39. gxf5 Nf6 40. Be7 Kg7
41. h6+ Kf7 42. Bxf6 Kxf6 43. Kg4 Ra8 44. Rxe4 Rg8 45. Re6+ Kf7 46. Rd6 1-0

[Event "DRUGA LIGA CENTRALNE SRBIJE - ISTOK 2017"]
[Site "Srebrno jezero"]
[Date "2017.09.09"]
[Round "2.5"]
[White "Micovic, Nikola"]
[Black "Zivanovic, Zoran M"]
[Result "0-1"]
[WhiteElo "1834"]
[BlackElo "2022"]
[PlyCount "104"]
[EventDate "2017.09.08"]

1. d4 Nf6 2. c4 e5 3. e3 exd4 4. exd4 Bb4+ 5. Bd2 Bxd2+ 6. Nxd2 d5 7. c5 O-O 8.
Ngf3 Re8+ 9. Be2 Qe7 10. Ne5 Nfd7 11. Ndf3 Nxe5 12. Nxe5 f6 13. Nf3 b6 14. Rc1
Bf5 15. Rc3 Nd7 16. Re3 Qf7 17. Rc3 Qe6 18. Kf1 c6 19. Nh4 Be4 20. Bf3 g5 21.
Bh5 gxh4 22. Bxe8 Rxe8 23. f3 Bg6 24. Kf2 bxc5 25. dxc5 d4 26. Ra3 Nxc5 27. Qd2
Qf5 28. Re1 Ne4+ 29. Rxe4 Rxe4 30. Rxa7 Qf4 31. Qd1 Qe3+ 32. Kf1 Re6 33. Ra3 d3
34. Rc3 Qe2+ 35. Qxe2 Rxe2 36. Rb3 Rc2 37. Ke1 Rxg2 38. a4 Rg5 39. Ra3 Ra5 40.
b4 Ra6 41. a5 Kf7 42. Rc3 Ke7 43. Rc5 Kd6 44. f4 Be4 45. Kd2 f5 46. Rc1 Ra7 47.
Ke3 Rg7 48. Ra1 Kd5 49. Rc1 Rg2 50. Rc5+ Kd6 51. Rc1 Re2+ 52. Kd4 d2 0-1

[Event "DRUGA LIGA CENTRALNE SRBIJE - ISTOK 2017"]
[Site "Srebrno jezero"]
[Date "2017.09.09"]
[Round "2.6"]
[White "Dmitrovic, Tomislav"]
[Black "Urosevic, Goran"]
[Result "0-1"]
[WhiteElo "2273"]
[BlackElo "2267"]
[PlyCount "88"]
[EventDate "2017.09.08"]

1. d4 c5 2. dxc5 Na6 3. Nc3 Nxc5 4. e4 d6 5. Nf3 e6 6. Bc4 a6 7. a4 Qc7 8. Qe2
Nf6 9. O-O Be7 10. Bf4 Ncd7 11. h3 Ne5 12. Bb3 b6 13. Nd2 Bb7 14. Be3 Ned7 15.
Bd4 O-O 16. Nf3 Nc5 17. Nd2 Nxb3 18. cxb3 e5 19. Be3 d5 20. Rac1 d4 21. Nd5
Nxd5 22. Rxc7 Nxc7 23. Bh6 gxh6 24. Qg4+ Kh8 25. Qd7 Bd8 26. f4 exf4 27. Qxd4+
Kg8 28. Rxf4 Ne6 29. Rg4+ Bg5 30. Qf6 Ng7 31. Qxb6 Bc8 32. Rg3 Bxd2 33. Qd4 Bg5
34. h4 Nh5 35. hxg5 Nxg3 36. Qe5 Ne2+ 37. Kf2 Bg4 38. gxh6 f6 39. Qd5+ Kh8 40.
Qb7 Rg8 41. Qc6 Raf8 42. Qxa6 Nf4 43. g3 Nh3+ 44. Kg2 Ng5 0-1

[Event "DRUGA LIGA CENTRALNE SRBIJE - ISTOK 2017"]
[Site "Srebrno jezero"]
[Date "2017.09.09"]
[Round "2.6"]
[White "Cvetkovic, Nemanja"]
[Black "Markovic, Marko"]
[Result "0-1"]
[WhiteElo "2253"]
[BlackElo "2227"]
[PlyCount "126"]
[EventDate "2017.09.08"]

1. d4 d5 2. c4 dxc4 3. Nf3 Nf6 4. e3 e6 5. Bxc4 c5 6. Nc3 a6 7. Bb3 b5 8. a4 b4
9. Nb1 Nc6 10. O-O Na5 11. Bc2 c4 12. Nbd2 b3 13. Bb1 Rb8 14. Ne4 Nxe4 15. Bxe4
c3 16. Qe2 c2 17. Bd3 Qb6 18. e4 Bb7 19. d5 Bc5 20. Bd2 Bb4 21. dxe6 fxe6 22.
Bxb4 Qxb4 23. Ng5 Qe7 24. Qg4 Kd7 25. e5 Bd5 26. Bxa6 Rb4 27. Qg3 h6 28. Nh3 g5
29. Bb5+ Kc7 30. f4 Rf8 31. Qe3 g4 32. Nf2 Rbxf4 33. g3 Rf3 34. Qa7+ Nb7 35.
Be2 Qc5 36. Qxc5+ Nxc5 37. Bxf3 Rxf3 38. a5 Kb7 39. a6+ Ka7 40. Ra5 Ne4 41.
Raa1 Nxg3 42. Rfe1 Nf5 43. Nxg4 Rd3 44. Kf2 Nd4 45. Ne3 Rd2+ 46. Kg3 Bc6 47.
Rf1 Ne2+ 48. Kg4 c1=Q 49. Raxc1 Nxc1 50. Rxc1 Bb5 51. Rc5 Kxa6 52. Rc7 Rxb2 53.
Re7 Rxh2 54. Rxe6+ Ka5 55. Rd6 Re2 56. Kf3 Re1 57. Rd2 Kb4 58. e6 Ka3 59. e7
Rxe3+ 60. Kxe3 b2 61. Rd1 Ka2 62. Rd8 b1=Q 63. Ra8+ Kb2 0-1

[Event "DRUGA LIGA CENTRALNE SRBIJE - ISTOK 2017"]
[Site "Srebrno jezero"]
[Date "2017.09.09"]
[Round "2.6"]
[White "Miljkovic, Mihajlo"]
[Black "Gajovic, Dragan"]
[Result "1/2-1/2"]
[WhiteElo "2267"]
[BlackElo "2141"]
[PlyCount "58"]
[EventDate "2017.09.08"]

1. d4 d6 2. c4 e5 3. Nf3 Nd7 4. Nc3 Ngf6 5. Bg5 Be7 6. e3 c6 7. Qc2 Nh5 8. Bxe7
Qxe7 9. Be2 Nhf6 10. O-O O-O 11. b4 Re8 12. Rfd1 Nf8 13. dxe5 dxe5 14. c5 Bg4
15. Nd2 h5 16. h3 Be6 17. Bc4 Nd5 18. Qb3 Nxc3 19. Qxc3 Bf5 20. Be2 e4 21. Nf1
Qg5 22. Kh2 Re6 23. Rd6 Rxd6 24. cxd6 Rd8 25. Rd1 Be6 26. Ng3 Bd5 27. Bxh5 Rxd6
28. Bg4 Rf6 29. Kg1 Qh4 1/2-1/2

[Event "DRUGA LIGA CENTRALNE SRBIJE - ISTOK 2017"]
[Site "Srebrno jezero"]
[Date "2017.09.09"]
[Round "2.6"]
[White "Jakovljevic, Dejan"]
[Black "Terzic, Goran"]
[Result "1-0"]
[WhiteElo "2064"]
[BlackElo "2217"]
[PlyCount "99"]
[EventDate "2017.09.08"]

1. e4 Nc6 2. d4 e5 3. dxe5 Nxe5 4. Nf3 Qf6 5. Nc3 Bb4 6. Bd2 Ne7 7. Nxe5 Qxe5
8. f4 Qe6 9. Qe2 O-O 10. a3 Ba5 11. O-O-O Re8 12. f5 Qe5 13. Qf3 d5 14. exd5
Bxf5 15. Bc4 a6 16. g4 b5 17. Bb3 Bg6 18. Rhe1 Qd6 19. Bf4 Qc5 20. h4 Bxc3 21.
Qxc3 Qxc3 22. bxc3 h5 23. Bxc7 hxg4 24. d6 Nf5 25. Rxe8+ Rxe8 26. d7 Ra8 27.
d8=Q+ Rxd8 28. Bxd8 g3 29. Rg1 Kh7 30. Bc7 Kh6 31. Bxg3 Kh5 32. Bf2 Nd6 33.
Rg5+ Kh6 34. Be3 Kh7 35. h5 Be4 36. Bd5 f6 37. Bxe4+ Nxe4 38. Rd5 Nxc3 39. Rd7
Kg8 40. Bd4 Ne4 41. Ra7 Kh7 42. Rxa6 Kh6 43. Ra5 Kxh5 44. Rxb5+ g5 45. Rf5 Kg6
46. Rxf6+ Nxf6 47. Bxf6 Kxf6 48. Kd2 Kf5 49. Ke2 Kg4 50. Kf2 1-0

[Event "DRUGA LIGA CENTRALNE SRBIJE - ISTOK 2017"]
[Site "Srebrno jezero"]
[Date "2017.09.09"]
[Round "2.6"]
[White "Raicevic, Ivica"]
[Black "Golubovic, Marko"]
[Result "0-1"]
[WhiteElo "2174"]
[BlackElo "1976"]
[PlyCount "142"]
[EventDate "2017.09.08"]

1. c4 e5 2. Nc3 f5 3. d3 Nf6 4. g3 Bb4 5. Bg2 O-O 6. Nf3 Nc6 7. O-O Bxc3 8.
bxc3 d6 9. a4 Qe8 10. e3 Qh5 11. Nh4 Qxd1 12. Rxd1 e4 13. f4 Na5 14. Rb1 Bd7
15. Rd2 b6 16. Ba3 Rae8 17. Bb4 Nb7 18. a5 c5 19. a6 cxb4 20. axb7 bxc3 21. Rc2
exd3 22. Rxc3 Ba4 23. Nxf5 d2 24. Bf3 Ne4 25. Ra3 Bc2 26. Rb2 d1=Q+ 27. Bxd1
Bxd1 28. Nd4 Nc5 29. Rxa7 Rxe3 30. Rxb6 Ree8 31. Nc6 Nd7 32. b8=Q Nxb8 33. Rbb7
Bc2 34. Ne7+ Kh8 35. f5 Rxe7 36. Rxe7 Nc6 37. Rf7 Rg8 38. Rac7 Ne5 39. Rfe7
Bxf5 40. c5 Bh3 41. Kf2 Nd3+ 42. Ke3 Nxc5 43. Ra7 Ne6 44. Ke4 Bg2+ 45. Ke3 Bh3
46. Rad7 Ra8 47. Rxd6 Ng5 48. Rb6 h6 49. Rbb7 Ne6 50. Rb6 Ra3+ 51. Ke4 Ng5+ 52.
Kd5 Ra2 53. Rg6 Rd2+ 54. Kc6 Ne6 55. g4 Bg2+ 56. Kb5 Bd5 57. h4 Rb2+ 58. Ka5
Re2 59. Kb6 Rb2+ 60. Ka5 Re2 61. Kb4 h5 62. gxh5 Re4+ 63. Kc3 Rxh4 64. Rexe6
Bxe6 65. Rxe6 Rxh5 66. Kd3 Rf5 67. Ke3 Kh7 68. Ke2 g6 69. Re3 Kh6 70. Rf3 Rxf3
71. Kxf3 Kh5 0-1

[Event "DRUGA LIGA CENTRALNE SRBIJE - ISTOK 2017"]
[Site "Srebrno jezero"]
[Date "2017.09.09"]
[Round "2.6"]
[White "Savic, Natasa"]
[Black "Blazic, Ivica"]
[Result "0-1"]
[WhiteElo "1338"]
[BlackElo "2046"]
[PlyCount "107"]
[EventDate "2017.09.08"]

1. e4 e5 2. Nf3 Nc6 3. Bb5 a6 4. Ba4 Nf6 5. O-O Be7 6. Re1 b5 7. Bb3 d6 8. c3
Na5 9. Bc2 c5 10. d4 cxd4 11. cxd4 Bg4 12. dxe5 Bxf3 13. Qxf3 dxe5 14. Rd1 Qc7
15. Bd3 O-O 16. Nc3 Rad8 17. a4 Nb3 18. Ra2 b4 19. Ne2 Rd7 20. Rf1 Nc5 21. Bb1
Rfd8 22. Ng3 Nd3 23. Bxd3 Rxd3 24. Qe2 b3 25. Ra1 Qc2 26. Bg5 Qxe2 27. Nxe2 Bb4
28. Nc1 R3d4 29. Nxb3 Rxe4 30. Rfd1 Rxd1+ 31. Rxd1 h6 32. Be3 Ng4 33. Rd3 f5
34. h3 Nxe3 35. Rxe3 Rxe3 36. fxe3 Kf7 37. Kf2 Ke6 38. Ke2 Kd5 39. Kd3 g5 40.
Nc1 e4+ 41. Ke2 f4 42. exf4 gxf4 43. Nb3 Kc4 44. Nc1 Bc5 45. Kd2 Be3+ 46. Kc2
Bxc1 47. Kxc1 Kb4 48. a5 Kxa5 49. Kc2 Kb4 50. h4 a5 51. b3 e3 52. h5 e2 53. Kd2
Kxb3 54. Kxe2 0-1

[Event "DRUGA LIGA CENTRALNE SRBIJE - ISTOK 2017"]
[Site "Srebrno jezero"]
[Date "2017.09.09"]
[Round "2.1"]
[White "Popchev, Milko"]
[Black "Petkov, Vladimir"]
[Result "0-1"]
[WhiteElo "2301"]
[BlackElo "2495"]
[PlyCount "68"]
[EventDate "2017.09.08"]

1. Nf3 d5 2. c4 d4 3. e4 g6 4. d3 Bg7 5. Be2 e5 6. O-O Ne7 7. Ne1 O-O 8. Nd2 f5
9. b4 Nd7 10. Bf3 Nf6 11. a4 f4 12. b5 g5 13. h3 Rf7 14. Ba3 Bf8 15. Be2 Rg7
16. Ndf3 g4 17. hxg4 Nxg4 18. Nh4 Nh6 19. Nef3 Nf7 20. Kh2 Ng6 21. Bxf8 Kxf8
22. g3 Qf6 23. Qd2 Be6 24. a5 Kg8 25. b6 cxb6 26. axb6 a6 27. Rg1 Kh8 28. Rg2
Rag8 29. Bf1 fxg3+ 30. fxg3 Nxh4 31. Nxh4 Rxg3 32. Nf5 Bxf5 33. exf5 Qh4+ 34.
Kg1 Ng5 0-1

[Event "DRUGA LIGA CENTRALNE SRBIJE - ISTOK 2017"]
[Site "Srebrno jezero"]
[Date "2017.09.09"]
[Round "2.1"]
[White "Paunovic, Tomislav"]
[Black "Bozilov, Dragan*"]
[Result "1-0"]
[WhiteElo "2346"]
[BlackElo "2003"]
[PlyCount "93"]
[EventDate "2017.09.08"]

1. d4 Nf6 2. c4 e6 3. Nc3 d5 4. Nf3 Nbd7 5. Bg5 c6 6. e3 Be7 7. Rc1 O-O 8. h3
Ne4 9. Bxe7 Qxe7 10. Nxe4 dxe4 11. Nd2 f5 12. c5 e5 13. Nc4 exd4 14. exd4 e3
15. fxe3 f4 16. Qf3 Qh4+ 17. Qf2 Qe7 18. Bd3 fxe3 19. Qxe3 Qh4+ 20. g3 Qh5 21.
Kd2 Nf6 22. g4 Qh4 23. Rcf1 Bd7 24. Nd6 b5 25. Bc2 Kh8 26. Bb3 Nd5 27. Bxd5
cxd5 28. Kc1 b4 29. Kb1 a5 30. Rf4 Rxf4 31. Qxf4 h5 32. Qf3 Kh7 33. Qxd5 Rf8
34. Qxh5+ Qxh5 35. gxh5 Be6 36. Rd1 Bd5 37. Rc1 Rf6 38. b3 Kh6 39. Nc4 Rf4 40.
Nxa5 Rxd4 41. c6 Be4+ 42. Ka1 Bf5 43. c7 Bc8 44. Nc6 Re4 45. Na7 Re8 46. Nxc8
Rxc8 47. Rc4 1-0